ბათუმის შოთა რუსთაველის სახელმწიფო უნივერსიტეტის ბიბლიოთეკა

ლექციების მოკლე კურსი : (ბიბ.ჩანაწერი № 34920)

000 -ლიდერი
ფიქსირებული სიგრძის საკონტროლო ველი 00920nam a2200229Ia 4500
001 - საკონტროლო ნომერი
საკონტროლო ველი 747
003 - საკონტროლო ნომრის იდენტიფიკატორი
საკონტროლო ველი GE_BSU
005 - ბოლო ოპერაციის თარიღი და დრო
საკონტროლო ველი 20210225152854.0
008 - ფიქსირებული სიგრძის მონაცემთა ელემენტები - ზოგადი ინფორმაცია
ფიქსირებული სიგრძის საკონტროლო ველი 181216s1984||||ge |||||||||||||| ||geo||
040 ## - კატალოგიზაციის წყარო
Transcribing agency GE_BSU
041 ## - ენის კოდი
Language code of text/sound track or separate title geo
080 ## - უნივერსალური ათობითი კლასიფიკაციის ინდექსი
Universal Decimal Classification number 551.58(075.8) ჯ–14
100 ## - მთავარი ჩანაწერი - პიროვნების სახელი
Personal name ჯავახიშვილი, შ.ი.
9 (RLIN) 10245
245 ## - ცნობა სათაურის შესახებ
Title ლექციების მოკლე კურსი :
Remainder of title მეტეოროლოგიასა და კლიმატოლოგიაში /
Statement of responsibility, etc შ.ი. ჯავახიშვილი.
264 ## - წარმოების, გამოცემის, დისტრიბუციის და სხვა ცნობები
გამოცემის, წარმოების, დისტრიბუციის... ადგილი თბ. :
გამოცემის, წარმოების, დისტრიბუციის... სახელწოდება ტბილისის უნ–ტის გამ-ბა,
გამოცემის, წარმოების, დისტრიბუციის... თარიღი 1984
300 ## - ფიზიკური აღწერა
Extent 343 გვ.:
Other physical details ილ. ;
Dimensions 20სმ.
504 ## - BIBLIOGRAPHY, ETC. NOTE
Bibliography, etc ბიბლიოგრ.: გვ. 337-338
653 ## - INDEX TERM--UNCONTROLLED
Uncontrolled term კლიმატოლოგია
653 ## - INDEX TERM--UNCONTROLLED
Uncontrolled term მეტეოროლოგია
653 ## - INDEX TERM--UNCONTROLLED
Uncontrolled term გეოგრაფია
942 ## - ADDED ENTRY ELEMENTS (KOHA)
Koha item type წიგნი
Source of classification or shelving scheme
ეგზემპლარები
ჩამოწერის სტატუსი დაკარგული ეგზემპლარის სტატუსი კლასიფიკაციის წყარო ან თაროზე გაწყობის სქემა დაზიანების სტატუსი არ გაიცემა მუდმივი მდებარეობა (დაცვის ადგილი) ამჟამინდელი ადგილსამყოფელი თაროზე განთავსების ადგილი შეძენის თარიღი ღირებულება, შესყიდვის ნორმალური ფასი სრული შენახვის შიფრი შტრიხკოდი ბოლო ოპერაციის თარიღი ეგზემპლარის მიმდევრობითი ნომერი (კეტერი?) ფასის ძალაში შესვლის თარიღი ეგზემპლარის სახეობა საჯარო შენიშვნა
          ბათუმის შოთა რუსთაველის სახელმწიფო უნივერსიტეტის მთავარი ბიბლიოთეკა ბათუმის შოთა რუსთაველის სახელმწიფო უნივერსიტეტის მთავარი ბიბლიოთეკა წიგნსაცავი 2018-12-17 10.00 551.58(075.8) ჯ–14 1926 2018-12-17 1926 2018-12-17 წიგნი 10 ლ.